000 01163nam a22003257a 4500
003 CHAP
005 20220329141017.0
008 971013s1996 r 00010 d
010 _a61249
011 _a62221
035 _a66395
040 _cCHAP
090 _aTesis
100 0 0 _aHernández Tenango, Claudia.
_954660
245 _aComercialización de naranja (Citrus sinensis L. Osbeck) en el municipio de Papantla, Veracruz
260 _aChapingo, Méx. :
_bEl autor,
_c1996
300 _a149 h.
_b: ilus. ; gráfs. ; anexos
502 _aTesis (Lic. en Comercio Internacional de Productos Agropecuarios) -- UACH. Departamento de Economía Agrícola
590 _aALEPH
_b10
_c20130110
_lUCH01
_h1341
590 _aBATCH-UPD
_b10
_c20130110
_lUCH01
_h0747
590 _aBATCH-UPD
_b10
_c20130410
_lUCH01
_h0428
590 _aBATCH-UPD
_b10
_c20130914
_lUCH01
_h1611
590 _aCONVERSION
_b10
_c20130109
_lUCH01
_h1333
650 1 4 _aNaranja
_xMercadeo.
_980176
650 1 4 _aNaranja
_zVeracruz.
_980199
901 _aBK
942 _cFOLL
949 _bBC
_cTES
_d-151577
_eTS1
_h29541
_i66395
_si
949 _bBC
_cTES
_d33724000623013
_eTS2
_fc.2
_h29542
_i66395
_si
999 _c61249
_d61249